000 00608nam a2200229Ia 4500
005 20260320201858.0
008 008 262003s9999 xx 000 0 eng d
037 _aEBOOK
040 _aCRL
040 _beng
040 _cCRL
041 _2eng
041 _aeng
084 _qCRL
100 _aLeonard
245 0 _aJava Coding Problems: Become an expert Java programmer by solving over 250 brand-new, modern, real-world problems
260 _bIEEE
856 _uhttps://ieeexplore.ieee.org/servlet/opac?bknumber=10522540
942 _cEBOOK
999 _c1724060
_d1724060